000 00842nam a2200253Ia 4500
003 OSt
005 20220923215920.0
006 a|||||r|||| 00| 0
007 ta
008 220922b |||||||| |||| 00| 0 hin d
024 _a182,798
037 _cTextual
040 _aARTS
_cARTS
_bhin
041 _2hin
_ahin
082 _aO152,1N52w, L7
100 _aशर्मा, मंजुला
_9156318
245 0 _aवियोगी हरि
_b संक्षिप्त जीवन
246 _aViyogī hari: sankṣpunta jīvana
260 _aदिल्ली
_b कुटीर प्रकाशन
_c1977
300 _a69 पृ.
_ccm.
650 _aहिन्दी साहित्य
_9156264
942 _hO152,1N52w, L7
_cTEXL
_2CC
999 _c336162
_d336162